000 01388nam0a22003131 4500
001 rc\3314522
005 20201230103711.0
021 _aRU
_b[74-2680]
035 _a(NLR Aleph) 007506022
090 _a7680788
_c7680788
100 _a20130115d1973 |||y0rusy50 ca
101 0 _arus
102 _aRU
105 _ay z |||||
200 1 _aРазмещение плодовых пород на склонах Молдавии
_fМолд. науч.-исслед. ин-т садоводства, виноградарства и виноделия
210 _aКишинев
_cКартя молдовеняскэ
_d1973
215 _a20 с.
_d20
300 _aПеред загл. авт.: П.В. Иванов, З.А. Герасимова, М.С. Гнатышин
300 _aНа обл. авт. не указан
606 _aПлодовые культуры
_xВозделывание на склонах
_yМССР
_2psbo
700 1 _aИванов
_bП. В.
_cд-р с.-х. наук, виноградарство
_f1903-1978
_gПавел Васильевич
_3RU\NLR\AUTH\770225034
701 1 _aГерасимова
_bЗ. А.
_gЗоя Александровна
701 1 _aГнатышин
_bМ. С.
_gМихаил Софронович
801 0 _aRU
_bNLR
_gpsbo
801 1 _aRU
_bELAR
_2rusmarc
852 _aNLR
_j73-4/44879
942 _cBOOK
980 _aNB